| 000 | 02771cam a22005174i 4500 | ||
|---|---|---|---|
| 003 | PE-LiUPU | ||
| 005 | 20250731173155.0 | ||
| 008 | 150625s2004 sp rb 000 0 spa d | ||
| 020 | _a8482673793 | ||
| 035 | _a(Sirsi) i9788482673790 | ||
| 040 |
_aPE-LiUPU _bspa _cPE-LiUPU _erda |
||
| 049 | _aPRUA | ||
| 082 | 0 | 4 |
_a227.4077 _bB85 _221 |
| 100 | 1 |
_aBruce, F. F., _eautor. |
|
| 245 | 1 | 3 |
_aUn comentario de la epístola a los Gálatas : _bUn comentario basado en el texto griego / _cF. F. Bruce. |
| 264 | 1 |
_aBarcelona : _bClie, _c2004. |
|
| 300 | _a384 páginas; 23 centímetros | ||
| 336 |
_atext _2rdacontent |
||
| 337 |
_aunmediated _2rdamedia |
||
| 338 |
_avolume _2rdacarrier |
||
| 504 | _aIncluye bibliografía. | ||
| 505 | 0 | _aEl lugar de Gálatas en las cartas de Pablo -- El problema en Galacia -- La edad del Evangelio -- Datación y aspectos relacionados. | |
| 526 | _aSEG42 | ||
| 526 | _aSEG41 | ||
| 526 | _aSEG40 | ||
| 526 | _aSEG39 | ||
| 526 | _aP94 | ||
| 526 | _aP87 | ||
| 526 | _aP86 | ||
| 526 | _aP85 | ||
| 526 | _aP77 | ||
| 526 | _aP76 | ||
| 526 | _aP35 | ||
| 630 | 0 | 4 |
_aBiblia. _pN.T. _pGálatas _xComentarios. |
| 942 |
_2ddc _cBOOK |
||
| 949 |
_a225.7 B85 _wDEWEY _c1 _i55059 _d2016-4-3 _e2016-3-28 _lCCODEBUL1 _mBUL _n1 _p10.50 _r0 _sY _tBOOK _u2015-6-24 _xTEOLOGIA _zUNKNOWN _0COMPRA _o.CIRCNOTE. No olvidar cambiar la fecha de devolución!!!!!!! _o.STAFF. Colección Teología |
||
| 949 |
_a227.4077 B85 _wDEWEY _c1 _i55077 _d2016-1-6 _e2016-1-5 _lCCODEBUL1 _mBUL _n1 _r0 _sY _tBOOK _u2015-6-25 _xTEOLOGIA _zUNKNOWN _0COMPRA _o.CIRCNOTE. No olvidar cambiar la fecha de devolución!!!!!!! _o.STAFF. Colección Teología |
||
| 949 |
_aPGT 227.4077 B85 _wDEWEY _c1 _i71888 _d2016-4-17 _e2016-4-14 _lCCODEBUL1 _mBUL _n1 _p12.00 _r0 _sY _tBOOK _u2015-8-24 _xTEOLOGIA _PP85 _0COMPRA _o.CIRCNOTE. No olvidar cambiar la fecha de devolución!!!!!!! _o.STAFF. Posgrado |
||
| 994 |
_aC0 _bPEPRU |
||
| 596 | _a1 | ||
| 999 |
_a225.7 B85 _wDEWEY _c35630 _i55059 _d35630 _e2016-3-28 _f2021-11-9 _g5 _lCCODEBUL1 _mBUL _n1 _p10.50 _q1 _r0 _sY _tBOOK _u2015-6-24 _xTEOLOGIA _PP35 _0COMPRA _o.CIRCNOTE. No olvidar cambiar la fecha de devolución!!!!!!! _o.STAFF. Colección Teología |
||
| 999 |
_a227.4077 B85 _wDEWEY _c1 _i55077 _d2016-1-6 _e2016-1-5 _f2021-11-9 _g5 _lCCODEBUL1 _mBUL _n1 _p10.50 _r0 _sY _tBOOK _u2015-6-25 _xTEOLOGIA _PP35 _0COMPRA _o.CIRCNOTE. No olvidar cambiar la fecha de devolución!!!!!!! _o.STAFF. Colección Teología |
||
| 999 |
_aPGT 227.4077 B85 _wDEWEY _c1 _i71888 _d2019-11-28 _e2016-4-14 _f2021-11-9 _g6 _lCCODEBUL1 _mBUL _n1 _p12.00 _q4 _r0 _sY _tBOOK _u2015-8-24 _xTEOLOGIA _PP85 _0COMPRA _o.CIRCNOTE. No olvidar cambiar la fecha de devolución!!!!!!! _o.STAFF. Posgrado |
||
| 980 |
_81 _gALBERTO SANCHEZ Responsable de Automatización |
||